| 000 | 00432nam a22001577a 4500 | ||
|---|---|---|---|
| 003 | OSt | ||
| 005 | 20220928161546.0 | ||
| 008 | 220914b |||||||| |||| 00| 0 eng d | ||
| 040 | _cBiblioteca Lado V | ||
| 082 |
_a708 _bH557m |
||
| 100 | _aHernandez, Orlando | ||
| 245 | _aMarta Maria Perez Bravo/ | ||
| 260 |
_aMexico _bGaleria Ramis Barquet |
||
| 300 |
_a36p. _c25x31cm |
||
| 942 |
_2ddc _c1 _h708 _iH557m _n0 |
||
| 999 |
_c2023 _d2023 |
||